Company Headquarters II (US) Quiz Stats

 Plays Quiz Updated Oct 19, 2016

Score 0/20 Timer 05:00
0 Plays Today
Company City % Correct
VerizonNew York, NY
77.1%
Hershey'sHershey, PA
71.9%
Home DepotVinings, GA
63.4%
Southwest AirlinesDallas, TX
62.2%
H. J. HeinzPittsburgh, PA
57.1%
TargetMinneapolis, MN
54.4%
ConocoPhilipsHouston, TX
54.1%
Bank of AmericaCharlotte, NC
39.1%
Whole Foods MarketAustin, TX
38.5%
Proctor & GambleCincinnati, OH
33.9%
Company City % Correct
Ralston PurinaSt. Louis, MO
31.7%
Ford Motor CompanyDearborn, MI
15.8%
Hewlett-PackardPalo Alto, CA
10.6%
Wendy'sDublin, OH
8.6%
Pepsi Co.Purchase, NY
7.8%
DellRound Rock, TX
7.1%
WalgreensDeerfield, IL
4.8%
Best BuyRichfield, MN
4%
CVS CaremarkWoonsocket, RI
3.6%
Lowe'sMooresville, NC
2.2%

You're not logged in!

Compare scores with friends on all Sporcle quizzes.
OR
Log In

Sporcle TV

Today on Sporcle TV


Watch our educational content, quiz creation guides, and fun videos on Sporcle TV.

Show Comments

Extras

Top Quizzes Today


Score Distribution

Your Account Isn't Verified!

In order to create a playlist on Sporcle, you need to verify the email address you used during registration. Go to your Sporcle Settings to finish the process.

Report this User

Report this user for behavior that violates our Community Guidelines.

Details: